[Event "Bad Pyrmont Pape op-A 2nd"]
[Site "Bad Pyrmont"]
[Date "2023.08.13"]
[Round "7"]
[White "Hoke, Adrian Neo"]
[Black "Martin, Dennis"]
[Result "1/2-1/2"]
[WhiteElo "1547"]
[BlackElo "2008"]
[PlyCount "146"]
[EventDate "2023.08.10"]
[EventType "swiss"]
[EventRounds "7"]
[EventCountry "GER"]
[SourceTitle "EXT 2024"]
[Source "ChessBase"]
[SourceDate "2023.10.10"]
[SourceVersion "1"]
[SourceVersionDate "2023.10.10"]
[SourceQuality "1"]

1. e4 c6 2. d4 d5 3. Nc3 dxe4 4. Nxe4 Nf6 5. Nxf6+ gxf6 6. Nf3 Bg4 7. Be2 Na6 8. c3 Nc7 9. Bf4 e6 10. Qd2 h5 11. c4 Na6 12. 0-0 Rg8 13. a3 Qd7 14. Rfd1 Rd8 15. Qc3 Bd6 16. Bg3 b6 17. Bh4 Be7 18. Rd2 Nc7 19. Rad1 a5 20. Qb3 Rb8 21. d5 Na6 22. dxe6 Qxe6 23. Nd4 Nc5 24. Qg3 Qe5 25. Nxc6 Qxg3 26. Bxg3 Rc8 27. Nxe7 Kxe7 28. Bd6+ Ke6 29. Bxg4+ Rxg4 30. Bxc5 Rxc5 31. Rd6+ Ke7 32. b3 b5 33. f3 Rgg5 34. Rd7+ Kf8 35. R7d4 bxc4 36. Rxc4 Rb5 37. Rd3 Rb7 38. b4 Rgb5 39. Rdd4 Kg7 40. Kf2 Kg6 41. Ke3 f5 42. Kd3 Kf6 43. Kc3 R5b6 44. Rc5 axb4+ 45. Rxb4 Ke6 46. Rxb6+ Rxb6 47. a4 Rb1 48. Rb5 Rc1+ 49. Kd3 Ra1 50. a5 Ra2 51. Rb6+ Kd5 52. a6 Rxg2 53. Rb5+ Kc6 54. Ra5 Rg8 55. a7 Ra8 56. Kd4 Kb7 57. Rxf5 Rd8+ 58. Rd5 Rg8 59. Rd7+ Ka8 60. Rxf7 Rg2 61. h3 Rg3 62. Ke3 Rxh3 63. Kf2 Rh2+ 64. Kg3 Rh1 65. Kg2 Ra1 66. Rf5 Kxa7 67. Rxh5 Kb7 68. Rc5 Kb6 69. Rc2 Ra8 70. f4 Ra3 71. f5 Ra5 72. f6 Rg5+ 73. Kh3 Rf5 1/2-1/2

[Event "Bad Pyrmont Pape op-A 2nd"]
[Site "Bad Pyrmont"]
[Date "2023.08.11"]
[Round "3"]
[White "Reller, Ole"]
[Black "Martin, Dennis"]
[Result "1-0"]
[WhiteElo "1846"]
[BlackElo "2008"]
[PlyCount "119"]
[EventDate "2023.08.10"]
[EventType "swiss"]
[EventRounds "7"]
[EventCountry "GER"]
[SourceTitle "EXT 2024"]
[Source "ChessBase"]
[SourceDate "2023.10.10"]
[SourceVersion "1"]
[SourceVersionDate "2023.10.10"]
[SourceQuality "1"]

1. Nf3 d5 2. e3 c6 3. c4 Nf6 4. Nc3 Qc7 5. cxd5 Nxd5 6. d4 Bf5 7. Nh4 Be6 8. Bd3 g6 9. 0-0 Bg7 10. Nf3 0-0 11. e4 Nb6 12. h3 Bc4 13. Be3 e6 14. Rc1 N8d7 15. b3 Bxd3 16. Qxd3 Rad8 17. Qe2 Rfe8 18. Rfd1 Qb8 19. e5 Nf8 20. Ne4 Nd5 21. Nfd2 f5 22. exf6 Nxf6 23. Nxf6+ Bxf6 24. Ne4 Bg7 25. Qf3 Re7 26. Bf4 e5 27. dxe5 Rxd1+ 28. Rxd1 Bxe5 29. Nf6+ Kg7 30. Bxe5 Qxe5 31. Ng4 Qb2 32. Rd2 Re1+ 33. Kh2 Qxd2 34. Qf6+ Kg8 35. f4 h5 36. Nh6+ Kh7 37. Qxf8 Qd4 38. Kg3 Qe3+ 39. Kh2 Qg1+ 40. Kg3 Re3+ 41. Kh4 Qf2+ 42. Kg5 Re5+ 43. f5 Qe3+ 44. Kf6 Qxh6 45. Qxh6+ Kxh6 46. Kxe5 gxf5 47. Kxf5 c5 48. a4 h4 49. Kg4 a5 50. Kxh4 b5 51. axb5 c4 52. bxc4 a4 53. b6 a3 54. b7 a2 55. b8Q a1Q 56. Qd6+ Kg7 57. Qc7+ Kf6 58. Kg3 Qg1 59. Qd6+ Kf7 60. c5 1-0

[Event "Bremen-ch"]
[Site "Bremen"]
[Date "2023.04.05"]
[Round "6"]
[White "Martin, Dennis"]
[Black "Hinks Edwards, Thomas RJ"]
[Result "0-1"]
[WhiteElo "2005"]
[BlackElo "2320"]
[PlyCount "48"]
[EventDate "2023.03.27"]
[EventType "swiss"]
[EventRounds "9"]
[EventCountry "GER"]
[SourceTitle "CBM 213 Extra"]
[Source "ChessBase"]
[SourceDate "2023.05.31"]
[SourceVersion "1"]
[SourceVersionDate "2023.05.31"]
[SourceQuality "1"]

1. e4 c6 2. d4 d5 3. e5 Bf5 4. h4 h6 5. Bd3 Bxd3 6. Qxd3 Qa5+ 7. Nc3 Qa6 8. Qh3 e6 9. h5 Nd7 10. Nge2 Ne7 11. f4 c5 12. Be3 Nf5 13. Bf2 cxd4 14. Nxd4 Nxd4 15. Bxd4 Bc5 16. 0-0-0 0-0-0 17. Kb1 Kb8 18. Qe3 Rc8 19. f5 Be7 20. Qf3 Rhf8 21. Rhe1 Rc4 22. Qg3 Bg5 23. Rf1 Rxd4 24. fxe6 Rxd1+ 0-1

[Event "Walsrode Chessemy op-A"]
[Site "Walsrode"]
[Date "2023.03.11"]
[Round "8"]
[White "Yaroshenko, Yaroslav"]
[Black "Martin, Dennis"]
[Result "0-1"]
[WhiteElo "1801"]
[BlackElo "2005"]
[PlyCount "62"]
[EventDate "2023.03.04"]
[EventType "swiss"]
[EventRounds "9"]
[EventCountry "GER"]
[SourceTitle "CBM 213 Extra"]
[Source "ChessBase"]
[SourceDate "2023.05.31"]
[SourceVersion "1"]
[SourceVersionDate "2023.05.31"]
[SourceQuality "1"]

1. e4 c6 2. d4 d5 3. e5 Qb6 4. c4 Bf5 5. Nc3 e6 6. h4 h6 7. c5 Qc7 8. Bd3 Bxd3 9. Qxd3 b6 10. b4 a5 11. Na4 Nd7 12. bxa5 bxc5 13. Bd2 cxd4 14. f4 c5 15. Rb1 Rb8 16. Rxb8+ Qxb8 17. Ne2 c4 18. Qxd4 Qb1+ 19. Nc1 Qb5 20. Qa7 Qxa4 21. Qa8+ Ke7 22. a6 f5 23. 0-0 Kf7 24. Be3 Ne7 25. a7 Nc6 26. Qb7 Nxa7 27. Bxa7 Qxa7+ 28. Qxa7 Bc5+ 29. Qxc5 Nxc5 30. Kf2 d4 31. Ke2 Ne4 0-1

[Event "Walsrode Chessemy op-A"]
[Site "Walsrode"]
[Date "2023.03.08"]
[Round "5"]
[White "Martin, Dennis"]
[Black "Dyachuk, Artem"]
[Result "0-1"]
[WhiteElo "2005"]
[BlackElo "2320"]
[PlyCount "104"]
[EventDate "2023.03.04"]
[EventType "swiss"]
[EventRounds "9"]
[EventCountry "GER"]
[SourceTitle "CBM 213 Extra"]
[Source "ChessBase"]
[SourceDate "2023.05.31"]
[SourceVersion "1"]
[SourceVersionDate "2023.05.31"]
[SourceQuality "1"]

1. d4 Nf6 2. c4 c5 3. dxc5 Na6 4. Nc3 Nxc5 5. g3 g6 6. Bg2 Bg7 7. Rb1 d6 8. e4 Be6 9. b3 Qd7 10. Bb2 0-0 11. Qe2 a6 12. Nf3 b5 13. Nd2 Bg4 14. Qe3 b4 15. Nd5 Nxd5 16. cxd5 Bxb2 17. Rxb2 Qb5 18. Nc4 Na4 19. Rc2 Nc3 20. 0-0 Rac8 21. h3 Bd7 22. Qa7 Rfd8 23. Rfc1 Qc5 24. Qxc5 Rxc5 25. a3 a5 26. f3 Ba4 27. bxa4 Rxc4 28. Bf1 Rc5 29. axb4 axb4 30. a5 Rxa5 31. Rb2 Rda8 32. Rcc2 Ra2 33. Bc4 Ra1+ 34. Kg2 Nd1 35. Rb3 R8a3 36. Re2 Rxb3 37. Bxb3 Nc3 38. Rb2 Rb1 39. Rxb1 Nxb1 40. Kf2 Nd2 41. Bc2 b3 42. Ke2 Nxf3 43. Bb1 Ng1+ 44. Kd2 Nxh3 45. Kc3 g5 46. Kxb3 h5 47. Kc3 g4 48. e5 dxe5 49. Kd2 Kg7 50. Ke3 Kf6 51. Be4 Ng5 52. Bg2 Nf3 0-1

[Event "Niedersachsen-ch"]
[Site "Verden"]
[Date "2023.01.06"]
[Round "4"]
[White "Martin, Dennis"]
[Black "Laubsch, Bernd"]
[Result "0-1"]
[WhiteElo "2013"]
[BlackElo "2290"]
[PlyCount "52"]
[EventDate "2023.01.05"]
[EventType "swiss"]
[EventRounds "7"]
[EventCountry "GER"]
[SourceTitle "CBM 212 Extra"]
[Source "ChessBase"]
[SourceDate "2023.03.31"]
[SourceVersion "1"]
[SourceVersionDate "2023.03.31"]
[SourceQuality "1"]

1. d4 Nf6 2. c4 g6 3. Nc3 d5 4. cxd5 Nxd5 5. Na4 Nf6 6. Nf3 Bg7 7. h3 0-0 8. Bf4 c6 9. Rc1 Nbd7 10. Qc2 Nd5 11. Bd2 e5 12. e4 N5b6 13. dxe5 Nxe5 14. Nxe5 Bxe5 15. Bc3 Qe7 16. Be2 Nxa4 17. Qxa4 Qg5 18. Bxe5 Qxc1+ 19. Bd1 Be6 20. 0-0 Qc4 21. Qa5 Qxa2 22. Qc7 f6 23. Bc3 Rf7 24. Qf4 b5 25. Qh4 Raf8 26. Bb4 Qxb2 0-1

[Event "Niedersachsen-ch op A"]
[Site "Verden"]
[Date "2019.01.06"]
[Round "7"]
[White "Langer, Michael Sebastian"]
[Black "Martin, Dennis"]
[Result "1/2-1/2"]
[WhiteElo "1883"]
[BlackElo "1981"]
[PlyCount "48"]
[EventDate "2019.01.03"]
[EventType "swiss"]
[EventRounds "7"]
[EventCountry "GER"]
[SourceTitle "EXT 2022"]
[Source "ChessBase"]
[SourceDate "2021.10.06"]
[SourceVersion "1"]
[SourceVersionDate "2021.10.06"]
[SourceQuality "1"]

1. Nf3 d6 2. d4 Nf6 3. c4 c6 4. Nc3 Qc7 5. e4 Bg4 6. Be2 Nbd7 7. Be3 e5 8. 0-0 Be7 9. Rc1 h6 10. Nd2 Bxe2 11. Qxe2 g5 12. b4 Nf8 13. dxe5 dxe5 14. c5 Ne6 15. Nb3 Rd8 16. Rfd1 0-0 17. g3 Kh7 18. Rxd8 Rxd8 19. Rd1 Kg6 20. h3 h5 21. Qc2 Kg7 22. Rxd8 Qxd8 23. Ne2 g4 24. h4 Qc7 1/2-1/2

[Event "Niedersachsen-ch op A"]
[Site "Verden"]
[Date "2018.01.04"]
[Round "1"]
[White "Martin, Dennis"]
[Black "Stummeyer, Dieter"]
[Result "1/2-1/2"]
[WhiteElo "1993"]
[BlackElo "1787"]
[PlyCount "125"]
[EventDate "2018.01.04"]
[EventType "swiss"]
[EventRounds "7"]
[EventCountry "GER"]
[SourceTitle "EXT 2022"]
[Source "ChessBase"]
[SourceDate "2021.10.06"]
[SourceVersion "1"]
[SourceVersionDate "2021.10.06"]
[SourceQuality "1"]

1. e4 c5 2. Nf3 Nc6 3. Bd3 d6 4. c3 g6 5. Bc2 Bg7 6. h3 e5 7. d3 Nge7 8. Be3 b5 9. Qc1 0-0 10. Bh6 Bd7 11. 0-0 Rc8 12. Na3 a6 13. Kh2 Qc7 14. Ng1 Na5 15. Ne2 Be6 16. Qd2 Bxh6 17. Qxh6 b4 18. Nb1 f5 19. Nd2 bxc3 20. bxc3 d5 21. Ng3 f4 22. Ne2 c4 23. Kh1 Rcd8 24. d4 Nac6 25. dxe5 Qxe5 26. Nf3 Qg7 27. Qxg7+ Kxg7 28. Ned4 Nxd4 29. Nxd4 Bc8 30. Rfe1 dxe4 31. Rxe4 Nd5 32. Nc6 Rde8 33. Rxc4 f3 34. g3 Bxh3 35. Be4 Bg2+ 36. Kg1 Nxc3 37. Bxf3 Bxf3 38. Rxc3 Rc8 39. Rac1 g5 40. Nd4 Rxc3 41. Rxc3 Bd5 42. Ra3 Rc8 43. Kf1 Rc1+ 44. Ke2 Ra1 45. Ke3 Rxa2 46. Rd3 Bc4 47. Rc3 Bb5 48. Rc5 Ra3+ 49. Ke4 Ra2 50. Nxb5 axb5 51. Rxg5+ Kh6 52. f4 b4 53. Kd3 Ra1 54. Kc2 Ra3 55. Kb2 Rf3 56. Rg8 Kh5 57. f5 Re3 58. g4+ Kh4 59. g5 Rf3 60. f6 Kh5 61. Rg7 h6 62. gxh6 Kxh6 63. Rb7 1/2-1/2

[Event "Niedersachsen-ch op-B"]
[Site "Verden"]
[Date "2017.01.08"]
[Round "7"]
[White "Sawadkuhi, Massoud Amir"]
[Black "Martin, Dennis"]
[Result "0-1"]
[WhiteElo "2164"]
[BlackElo "1996"]
[PlyCount "110"]
[EventDate "2017.01.05"]
[EventType "swiss"]
[EventRounds "7"]
[EventCountry "GER"]
[SourceTitle "CBM 187 Extra"]
[Source "ChessBase"]
[SourceDate "2018.11.04"]
[SourceVersion "1"]
[SourceVersionDate "2018.11.04"]
[SourceQuality "1"]

1. e4 c5 2. Nf3 d6 3. d4 cxd4 4. Nxd4 a6 5. f4 Nf6 6. Nc3 Nbd7 7. Qf3 e5 8. Nf5 Nc5 9. fxe5 dxe5 10. Bg5 Bxf5 11. Qxf5 Ncd7 12. Bc4 Qc7 13. Bb3 Bb4 14. 0-0 Bxc3 15. bxc3 0-0 16. Rad1 Rad8 17. Rd3 Qb6+ 18. Kh1 Nc5 19. Rxd8 Qxd8 20. Bd5 Ncd7 21. c4 Qc7 22. Qf3 Nxd5 23. cxd5 f6 24. Qb3 Rc8 25. Be3 b5 26. Kg1 Qc4 27. d6 Kf7 28. Bf2 Qxb3 29. cxb3 Rc2 30. a3 Rd2 31. a4 Rb2 32. Rc1 Rxb3 33. a5 Rd3 34. Kf1 Rxd6 35. Ke2 h5 36. Rc8 g6 37. Ra8 Ke6 38. Re8+ Kf7 39. Ra8 f5 40. exf5 gxf5 41. Rd8 Ke6 42. Re8+ Kf7 43. Rd8 Ke7 44. Bh4+ Ke6 45. Re8+ Kd5 46. Rh8 Rg6 47. g3 b4 48. Rxh5 f4 49. Kd2 Rc6 50. gxf4 b3 51. Rg5 Rc2+ 52. Kd1 Rxh2 53. Kc1 Rxh4 54. Kb2 Rxf4 55. Kxb3 Nc5+ 0-1

[Event "Niedersachsen-ch op-B"]
[Site "Verden"]
[Date "2017.01.05"]
[Round "1"]
[White "Freitag, Christian"]
[Black "Martin, Dennis"]
[Result "1-0"]
[WhiteElo "1839"]
[BlackElo "1996"]
[PlyCount "99"]
[EventDate "2017.01.05"]
[EventType "swiss"]
[EventRounds "7"]
[EventCountry "GER"]
[SourceTitle "CBM 187 Extra"]
[Source "ChessBase"]
[SourceDate "2018.11.04"]
[SourceVersion "1"]
[SourceVersionDate "2018.11.04"]
[SourceQuality "1"]

1. Nf3 d5 2. g3 g6 3. Bg2 Bg7 4. 0-0 e5 5. d3 c6 6. Nbd2 f5 7. e4 Ne7 8. Re1 Qc7 9. c4 dxe4 10. dxe4 0-0 11. c5 h6 12. Qb3+ Kh7 13. Qc4 b5 14. cxb6 axb6 15. b4 Ba6 16. Qb3 Nd7 17. Bb2 Rae8 18. Rac1 Bb7 19. Nc4 Nc8 20. Nh4 f4 21. Red1 c5 22. Bh3 Nf6 23. Nxg6 Bxe4 24. Nxf8+ Bxf8 25. Bxe5 Qf7 26. Bxf6 Qxf6 27. Rd7+ Be7 28. bxc5 bxc5 29. Qc3 Qg5 30. Qe5 Qxe5 31. Nxe5 Nb6 32. Ra7 fxg3 33. hxg3 Kg7 34. f3 Bd5 35. Kf2 c4 36. Bf1 Kf6 37. Ng4+ Kg5 38. Ra5 Rc8 39. Rb1 Ra8 40. Rxa8 Nxa8 41. Ne3 Bc6 42. Bxc4 Bc5 43. Ke2 Nc7 44. Rb8 Kf6 45. f4 Bd7 46. Nd5+ Nxd5 47. Bxd5 Bg4+ 48. Bf3 Be6 49. Ra8 Bc4+ 50. Kd2 1-0

[Event "Harburg-chA 11th"]
[Site "Hamburg"]
[Date "2016.10.02"]
[Round "3"]
[White "Martin, Dennis"]
[Black "Kurth, Michael"]
[Result "1-0"]
[WhiteElo "1976"]
[BlackElo "2018"]
[PlyCount "95"]
[EventDate "2016.10.01"]
[EventType "tourn"]
[EventRounds "5"]
[EventCountry "GER"]
[SourceTitle "EXT 2018"]
[Source "ChessBase"]
[SourceDate "2017.10.13"]
[SourceVersion "1"]
[SourceVersionDate "2017.10.13"]
[SourceQuality "1"]

1. e3 b6 2. b3 Bb7 3. Bb2 Nf6 4. f4 e6 5. Nf3 d5 6. Be2 Be7 7. 0-0 0-0 8. Ne5 c5 9. d3 Nc6 10. Rf3 d4 11. Nxc6 Bxc6 12. e4 Ng4 13. Bc1 f5 14. Rh3 Ne3 15. Bxe3 dxe3 16. e5 g5 17. fxg5 Bxg5 18. c3 Rc8 19. Na3 b5 20. Nc2 f4 21. d4 Qe7 22. Bd3 Rf7 23. Qe2 Rcf8 24. Rf1 Bh4 25. Ne1 Bf2+ 26. Kh1 Qg5 27. Rh5 Qe7 28. Qg4+ Kh8 29. Nf3 Rg8 30. Qh3 cxd4 31. cxd4 Rfg7 32. Rc1 Be8 33. Rh6 Bg6 34. Bxg6 Rxg6 35. Rxg6 Rxg6 36. Qh5 Kg7 37. d5 exd5 38. Nd4 Rg5 39. Ne6+ Qxe6 40. Qxg5+ Kf8 41. Qxf4+ Ke8 42. Qd4 h5 43. g3 Qf7 44. Kg2 Bxg3 45. Rc8+ Kd7 46. Qxa7+ Kxc8 47. Qxf7 e2 48. Qg8+ 1-0

[Event "Harburg-chA 11th"]
[Site "Hamburg"]
[Date "2016.10.01"]
[Round "2"]
[White "Parvanyan, Alfred"]
[Black "Martin, Dennis"]
[Result "1-0"]
[WhiteElo "1970"]
[BlackElo "1976"]
[PlyCount "47"]
[EventDate "2016.10.01"]
[EventType "tourn"]
[EventRounds "5"]
[EventCountry "GER"]
[SourceTitle "EXT 2018"]
[Source "ChessBase"]
[SourceDate "2017.10.13"]
[SourceVersion "1"]
[SourceVersionDate "2017.10.13"]
[SourceQuality "1"]

1. Nf3 c5 2. c4 Nc6 3. d4 cxd4 4. Nxd4 Nf6 5. Nc3 Qb6 6. e3 g6 7. Be2 Bg7 8. 0-0 0-0 9. b3 Nxd4 10. exd4 d5 11. cxd5 Qa5 12. Bb2 Nxd5 13. Nxd5 Qxd5 14. Bf3 Qd6 15. Qe2 Rd8 16. Rfe1 e6 17. Rad1 Qb4 18. d5 Bxb2 19. Qxb2 exd5 20. Qf6 Be6 21. Rxe6 fxe6 22. Qxe6+ Kg7 23. Qe5+ Kh6 24. g4 1-0

[Event "Stuttgart-chA int"]
[Site "Ditzingen"]
[Date "2016.05.06"]
[Round "4"]
[White "Huettig, Michael"]
[Black "Martin, Dennis"]
[Result "1/2-1/2"]
[WhiteElo "2164"]
[BlackElo "1928"]
[PlyCount "119"]
[EventDate "2016.05.05"]
[EventType "swiss"]
[EventRounds "7"]
[EventCountry "GER"]
[SourceTitle "EXT 2018"]
[Source "ChessBase"]
[SourceDate "2017.10.13"]
[SourceVersion "1"]
[SourceVersionDate "2017.10.13"]
[SourceQuality "1"]

1. Nf3 Nf6 2. g3 g6 3. Bg2 Bg7 4. 0-0 0-0 5. d3 d6 6. a3 Re8 7. e4 Nc6 8. h3 e5 9. Nc3 Nd7 10. Be3 Nd4 11. Bxd4 exd4 12. Nb5 Nf8 13. a4 Ne6 14. Qd2 c6 15. Na3 Rf8 16. Qb4 Kh8 17. Nc4 c5 18. Qb3 f5 19. exf5 Rxf5 20. Rae1 Rb8 21. Nh4 Rf6 22. f4 Nf8 23. Nf3 b6 24. Re2 Re6 25. Ng5 Rf6 26. Bd5 Bb7 27. Nf7+ Rxf7 28. Bxf7 Qd7 29. Kh2 Qxf7 30. Nxd6 Qxb3 31. cxb3 Bd5 32. Re7 a5 33. Ne8 Rb7 34. Rfe1 Rxe7 35. Rxe7 Ne6 36. Nxg7 Nxg7 37. Rd7 Bxb3 38. Rd8+ Bg8 39. Rd6 Nf5 40. Rxb6 c4 41. dxc4 Bxc4 42. Rb8+ Kg7 43. Rd8 d3 44. b3 Bxb3 45. Rxd3 Bxa4 46. Ra3 Bc6 47. Rxa5 Kf6 48. g4 Ne7 49. Kg3 Bd7 50. Ra6+ Be6 51. h4 h5 52. f5 gxf5 53. gxh5 Ke5 54. Ra5+ Nd5 55. h6 Bg8 56. Kf3 Bh7 57. Ra7 Nf6 58. Re7+ Kd6 59. Ra7 Ke5 60. Re7+ 1/2-1/2

[Event "Stuttgart-chA int"]
[Site "Ditzingen"]
[Date "2016.05.05"]
[Round "1"]
[White "Germer, Philipp"]
[Black "Martin, Dennis"]
[Result "0-1"]
[WhiteElo "2180"]
[BlackElo "1928"]
[PlyCount "82"]
[EventDate "2016.05.05"]
[EventType "swiss"]
[EventRounds "7"]
[EventCountry "GER"]
[SourceTitle "EXT 2018"]
[Source "ChessBase"]
[SourceDate "2017.10.13"]
[SourceVersion "1"]
[SourceVersionDate "2017.10.13"]
[SourceQuality "1"]

1. e4 e6 2. d4 d5 3. e5 c5 4. c3 Nc6 5. Nf3 Bd7 6. a3 a5 7. Bd3 Qb6 8. 0-0 cxd4 9. cxd4 Nxd4 10. Nxd4 Qxd4 11. Qe2 Ne7 12. Nc3 Qb6 13. Nb5 Bxb5 14. Bxb5+ Nc6 15. Bd2 Be7 16. Rac1 0-0 17. Be3 d4 18. Bf4 Rfd8 19. Rfd1 Rd5 20. Bd3 Rad8 21. Bc4 R5d7 22. Rd3 Bf8 23. Qe4 Rc8 24. Rh3 g6 25. Rb3 Qd8 26. Bd2 a4 27. Rh3 Bg7 28. f4 Na5 29. Bb5 Rxc1+ 30. Bxc1 Rc7 31. Bd2 Nc4 32. Bxc4 Rxc4 33. Qxb7 d3 34. Qf3 Qd4+ 35. Qf2 Qxb2 36. Rxd3 Bf8 37. Be3 Rc1+ 38. Qf1 Rxf1+ 39. Kxf1 Bxa3 40. Rd8+ Kg7 41. f5 Qb1+ 0-1

[Event "Stuttgart-chA int"]
[Site "Ditzingen"]
[Date "2016.05.05"]
[Round "2"]
[White "Martin, Dennis"]
[Black "Krockenberger, Martin"]
[Result "1/2-1/2"]
[WhiteElo "1928"]
[BlackElo "2208"]
[PlyCount "81"]
[EventDate "2016.05.05"]
[EventType "swiss"]
[EventRounds "7"]
[EventCountry "GER"]
[SourceTitle "EXT 2018"]
[Source "ChessBase"]
[SourceDate "2017.10.13"]
[SourceVersion "1"]
[SourceVersionDate "2017.10.13"]
[SourceQuality "1"]

1. e4 e6 2. d4 d5 3. Nc3 Bb4 4. e5 c5 5. a3 Bxc3+ 6. bxc3 Ne7 7. f4 b6 8. Be3 Qc7 9. Qd2 cxd4 10. cxd4 Ba6 11. Bxa6 Nxa6 12. Ne2 Nb8 13. 0-0 Nbc6 14. Rf3 Na5 15. Bf2 Rc8 16. Rc1 0-0 17. g4 f5 18. Rg3 Qd7 19. Qd3 Rc7 20. Be1 Nac6 21. Kh1 fxg4 22. Rxg4 Nf5 23. Bd2 Rfc8 24. Rcg1 Nce7 25. c3 Qa4 26. Ra1 Qc4 27. Qxc4 Rxc4 28. Rgg1 Nc6 29. Ng3 Rf8 30. Rgb1 Na5 31. Ra2 Rc7 32. Kg2 Nc4 33. Ne2 Kf7 34. Kf3 Ke8 35. Rg1 Kd7 36. Be1 Kc6 37. Bf2 a5 38. Rb1 Rcf7 39. h4 Rb7 40. Nc1 Rc7 41. Nd3 1/2-1/2

[Event "Niedersachsen-ch op-A"]
[Site "Verden"]
[Date "2015.01.03"]
[Round "4"]
[White "Schmidt, Dennis"]
[Black "Martin, Dennis"]
[Result "0-1"]
[WhiteElo "2058"]
[BlackElo "1932"]
[PlyCount "92"]
[EventDate "2015.01.02"]
[EventType "swiss"]
[EventRounds "7"]
[EventCountry "GER"]
[SourceTitle "EXT 2018"]
[Source "ChessBase"]
[SourceDate "2017.10.13"]
[SourceVersion "1"]
[SourceVersionDate "2017.10.13"]
[SourceQuality "1"]

1. e4 c6 2. d4 d5 3. exd5 cxd5 4. Bd3 Nc6 5. c3 Nf6 6. Bf4 h6 7. Nd2 Bg4 8. Qb3 Qd7 9. h3 Be6 10. Ngf3 a6 11. a4 Nd8 12. Ne5 Qc8 13. 0-0 Bf5 14. Be2 e6 15. Rfc1 Nc6 16. Nxc6 Qxc6 17. c4 Be7 18. c5 Nd7 19. Qe3 0-0 20. b4 Qc8 21. g4 Bg6 22. Bd3 Bxd3 23. Qxd3 f5 24. Bh2 f4 25. Re1 Rf6 26. Nf3 Nf8 27. Ra2 Qe8 28. Ne5 g5 29. f3 Nd7 30. Kf1 Kg7 31. Bg1 Nxe5 32. Rxe5 Qd7 33. Bf2 Rg6 34. Re1 h5 35. Qb3 Rh6 36. Rea1 Bf6 37. Qd3 Rah8 38. b5 hxg4 39. hxg4 Ra8 40. Bg1 Rh3 41. Kg2 Rah8 42. Bf2 e5 43. Qf5 Qxf5 44. gxf5 e4 45. c6 exf3+ 46. Kf1 Rh1+ 0-1

[Event "IECC Swiss-569.3"]
[Site "IECC email"]
[Date "2014.07.01"]
[Round "?"]
[White "Basson, Heinrich"]
[Black "Martin, Dennis"]
[Result "1-0"]
[WhiteElo "1636"]
[BlackElo "1828"]
[PlyCount "61"]
[EventDate "2014.??.??"]
[EventType "swiss (corr)"]
[EventRounds "1"]
[SourceTitle "Corr 2020"]
[Source "ChessBase"]
[SourceDate "2019.09.30"]
[SourceVersion "1"]
[SourceVersionDate "2019.09.30"]
[SourceQuality "1"]
[WhiteTeam "South Africa"]
[BlackTeam "United States"]
[WhiteTeamCountry "RSA"]
[BlackTeamCountry "USA"]

1. d4 d5 2. c4 Nf6 3. Nf3 Nc6 4. Nc3 e6 5. e3 Bd6 6. Be2 0-0 7. 0-0 b6 8. a3 a5 9. b3 Ne4 10. Bb2 Nxc3 11. Bxc3 Qe7 12. Rc1 Bxa3 13. Ra1 Bb7 14. cxd5 exd5 15. Qc2 Bd6 16. Bb5 Rfd8 17. Rfc1 Nb4 18. Bxb4 axb4 19. Rxa8 Rxa8 20. Bc6 Bxc6 21. Qxc6 Ra5 22. Nd2 h6 23. g3 Qf6 24. Rc2 g5 25. Rc1 Kg7 26. h3 h5 27. Kg2 h4 28. g4 Qg6 29. Rd1 Qd3 30. Qe8 Ra2 31. Qd8 1-0

[Event "IECC M1-2014.T025"]
[Site "IECC email"]
[Date "2014.06.26"]
[Round "?"]
[White "Balleste, Orlando Peraza"]
[Black "Martin, Dennis"]
[Result "1-0"]
[WhiteElo "1911"]
[BlackElo "1720"]
[PlyCount "101"]
[EventDate "2014.??.??"]
[EventType "match (corr)"]
[EventRounds "2"]
[SourceTitle "Corr 2020"]
[Source "ChessBase"]
[SourceDate "2019.09.30"]
[SourceVersion "1"]
[SourceVersionDate "2019.09.30"]
[SourceQuality "1"]
[WhiteTeam "Cuba"]
[BlackTeam "United States"]
[WhiteTeamCountry "CUB"]
[BlackTeamCountry "USA"]

1. d4 e6 2. c4 Nf6 3. Nf3 Nc6 4. a3 d5 5. Nc3 Be7 6. Bf4 0-0 7. e3 Nh5 8. Be5 f6 9. Bg3 a6 10. Rc1 Rf7 11. b4 f5 12. Bd3 Nxg3 13. hxg3 h6 14. Qc2 Bf6 15. cxd5 exd5 16. Ne2 Qd7 17. Rh5 Qd6 18. Bxf5 Bxf5 19. Qxf5 Bxd4 20. Qd3 Rxf3 21. gxf3 Ne5 22. Qd1 Bb2 23. f4 Nf3+ 24. Kf1 c6 25. Rb1 Bxa3 26. Nc3 Bxb4 27. Qxf3 Bxc3 28. Rxb7 Rb8 29. Rxb8+ Qxb8 30. e4 Qb1+ 31. Kg2 Qxe4 32. Qxe4 dxe4 33. Rc5 Bb4 34. Rxc6 a5 35. Rc4 Kf7 36. Rxe4 g6 37. g4 Be7 38. Kf3 Bd6 39. g5 h5 40. Ra4 Bb4 41. Ra2 Ke6 42. Rc2 Kf7 43. Rc7+ Kg8 44. Ke4 h4 45. Rc6 Kg7 46. f3 h3 47. f5 gxf5+ 48. Kxf5 a4 49. Rc4 h2 50. Rh4 Be7 51. Rxh2 1-0

[Event "IECC CL3-2014.02 email"]
[Site "IECC email"]
[Date "2014.05.17"]
[Round "?"]
[White "Boyce, Harry"]
[Black "Martin, Dennis"]
[Result "1-0"]
[WhiteElo "1859"]
[BlackElo "1864"]
[PlyCount "117"]
[EventDate "2014.??.??"]
[EventType "tourn (corr)"]
[EventRounds "4"]
[SourceTitle "Corr 2020"]
[Source "ChessBase"]
[SourceDate "2019.09.30"]
[SourceVersion "1"]
[SourceVersionDate "2019.09.30"]
[SourceQuality "1"]
[WhiteTeam "Australia"]
[BlackTeam "United States"]
[WhiteTeamCountry "AUS"]
[BlackTeamCountry "USA"]

1. e4 e5 2. Nf3 Nc6 3. Bb5 Bc5 4. 0-0 Qf6 5. d3 Nge7 6. Bg5 Qd6 7. Nc3 0-0 8. Bc4 a6 9. Be3 b5 10. Bxb5 axb5 11. Nxb5 Qg6 12. Bxc5 d6 13. Be3 Rb8 14. a4 f5 15. Nh4 Qf6 16. Nxf5 Nxf5 17. exf5 Bxf5 18. b3 Qg6 19. f3 Nb4 20. Nc3 Nxc2 21. Qxc2 Bxd3 22. Qb2 Bxf1 23. Rxf1 Qd3 24. Bf2 Rb4 25. Rd1 Qc4 26. Rb1 Qd3 27. Be1 Rg4 28. h3 Rd4 29. a5 Ra8 30. Ne4 Rb8 31. Nf2 Qb5 32. Qa2 h6 33. a6 Ra8 34. Ra1 Qb6 35. b4+ d5 36. Kh1 Rc4 37. Nd3 e4 38. fxe4 Rxa6 39. Qxa6 Qxa6 40. Rxa6 dxe4 41. Ra3 exd3 42. Rxd3 c5 43. bxc5 Rxc5 44. Kh2 Rc7 45. g4 Re7 46. Bd2 Kf7 47. Kg3 Kg8 48. h4 Kf7 49. Rd6 Rc7 50. h5 Kg8 51. Bxh6 gxh6 52. Rxh6 Rd7 53. Rc6 Kh7 54. g5 Rg7 55. Kg4 Ra7 56. h6 Rd7 57. Kf5 Rf7+ 58. Ke5 Rf8 59. Rc7+ 1-0